Creación de sitios Web con ASP.NET
Guardat en:
| Autors principals: | , |
|---|---|
| Format: | Llibre |
| Idioma: | espanyol |
| Publicat: |
Madrid
Pearson Educación
2002
|
| Edició: | 1a. ed |
| Matèries: | |
| Etiquetes: |
Afegir etiqueta
Sense etiquetes, Sigues el primer a etiquetar aquest registre!
|
MARC
| LEADER | 00000nam a2200000 a 4500 | ||
|---|---|---|---|
| 001 | UCL7159 | ||
| 003 | CL-VaPUC | ||
| 008 | 040507e20020000SP |||||||||||||||||spa|d | ||
| 020 | |a 8420532010 | ||
| 082 | 0 | 4 | |a 005.133 |b AMU |2 21 |
| 100 | 0 | |a Amundsen, Michael |e author |9 484966 | |
| 700 | 0 | |a Litwin, Paul |e author |9 484967 | |
| 245 | 1 | 0 | |a Creación de sitios Web con ASP.NET |
| 250 | |a 1a. ed | ||
| 300 | |a 486 p | ||
| 942 | |c BK | ||
| 945 | |d 20040507 00:00:00 |a cmena | ||
| 260 | |a Madrid |b Pearson Educación |c 2002 | ||
| 650 | 0 | |a Lenguajes de programación |9 259458 | |
| 650 | 0 | |a Páginas web |x Diseño |9 436463 | |
| 650 | 7 | |a ASP |2 CL-VaPUC |9 451406 | |
| 583 | |a last modification |c 20040507 00:00:00 |k Rodrigo Vera | ||
| 999 | |c 309014 |d 309012 | ||